Normal view
MARC view
- اعداد وزارة الثقافة- الاردن
Entry Personal Name
001 - CONTROL NUMBER
- control field: 47636
003 - CONTROL NUMBER IDENTIFIER
- control field: JO-AjAnu
005 - DATE AND TIME OF LATEST TRANSACTION
- control field: 20230606081849.0
008 - FIXED-LENGTH DATA ELEMENTS
- fixed length control field: 230606|| aca||aabn | a|a d
040 ## - CATALOGING SOURCE
- Original cataloging agency: JO-AjAnu
- Transcribing agency: JO-AjAnu
100 ## - HEADING--PERSONAL NAME
- Personal name: اعداد وزارة الثقافة- الاردن
670 ## - SOURCE DATA FOUND
- Source citation: Work cat.: (JO-AjAnu)24376: اعداد وزارة الثقافة- الاردن , author, الثقافة والتنمية: أوراق ملتقى عمان الثقافي التاسع 23-2009/9/26